Which countries were part of the Soviet Union - Statistics

General Stats
  • This quiz has been taken 60 times
  • The average score is 14 of 15
Answer Stats
Answer % Correct
Belarus
100%
Estonia
100%
Georgia
100%
Ukraine
100%
Latvia
96%
Lithuania
96%
Armenia
92%
Azerbaijan
92%
Kazakhstan
92%
Kyrgyzstan
92%
Moldova
92%
Russia
92%
Tajikistan
92%
Turkmenistan
92%
Uzbekistan
92%
No matching quizzes found
Score Distribution
Percent of People with Each Score
Percentile by Number Answered
Your Score History
You have not taken this quiz